00263nam a22000977a 4500040000900000082001500009100001700024245004400041260003600085650004400121 cNust a621.3bSEE aSamuel Seely aIntroduction to electromagnetic fields  aNew York:bMcGraw Hill,c1958. aIntroduction to electromagnetic fields